Analýza a krátkodobá prognóza časového radu premennej vývoz výrobkov a služieb v stálych cenách (2000=100) kvartálne údaje diplomová práca
Saved in:
| Main Author: | |
|---|---|
| Corporate Author: | |
| Other Authors: | |
| Format: | Book |
| Language: | Slovak |
| Published: |
Bratislava
2008
|
| Tags: |
No Tags, Be the first to tag this record!
|
MARC
| LEADER | 00000nam$a2200000$$$4500 | ||
|---|---|---|---|
| 001 | 0077131 | ||
| 005 | 20240201114726.9 | ||
| 041 | 0 | |a slo | |
| 044 | |a SK | ||
| 245 | 1 | 0 | |a Analýza a krátkodobá prognóza časového radu premennej vývoz výrobkov a služieb v stálych cenách (2000=100) kvartálne údaje |b diplomová práca |c Milan Húšť ; škol. Božena Viktorínová |
| 264 | 1 | |a Bratislava |c 2008 | |
| 300 | |a 78 s. | ||
| 100 | 1 | |a Húšť, Milan | |
| 700 | 1 | |a Viktorínová, Božena | |
| 710 | 2 | |a Fakulta hospodárskej informatiky EU. Katedra štatistiky | |